000 00238nam a2200085Ia 4500
245 0 _aPaying less tax made simple
100 _a METZ, Ralf Welgemoed, 2009 14th ed
_996074
942 _cBK
008 210817s9999 xx 000 0 und d
999 _c402285
_d402284